|
|
|
|
| LEADER |
00000cam a2200000 7i4500 |
| 001 |
0000004664 |
| 002 |
000005031 |
| 005 |
20000330.0 |
| 020 |
|
|
|a 9679783995
|
| 090 |
0 |
0 |
|a 305.231
|b CHI
|
| 245 |
0 |
0 |
|a Child development :
|b preschool children
|c edited by Chiam Heng Keng
|
| 260 |
|
|
|a Petaling Jaya :
|b Pelanduk Publications (M) Sdn.Bhd. ,
|c 1991
|
| 300 |
|
|
|a 350p. ;
|c 23cm.
|
| 650 |
0 |
0 |
|a Child development
|
| 650 |
0 |
0 |
|a Child psychology
|
| 650 |
0 |
0 |
|a Children
|x Health and hygiene
|
| 700 |
0 |
|
|a Chiam Heng Keng
|
| 999 |
|
|
|a 023554
|b BUKU
|c PINJAMAN
|e PERPUSTAKAAN KOMUNITI PETALING JAYA
|
| 999 |
|
|
|a 032648
|b BUKU
|c PINJAMAN
|e PERPUSTAKAAN KOMUNITI PETALING JAYA
|
| 999 |
|
|
|a 032649
|b BUKU
|c PINJAMAN
|e PERPUSTAKAAN KOMUNITI PETALING JAYA
|